| 000 | 00642nam a2200193Ia 4500 | ||
|---|---|---|---|
| 005 | 20250508160024.0 | ||
| 008 | 008 250505s9999 xx 000 0 eng d | ||
| 037 | _aBooks to be hide in OPAC | ||
| 040 |
_aFEDL _beng _cFEDL |
||
| 041 |
_aeng _2eng |
||
| 084 |
_a362.709 429, GRE _qFEDL |
||
| 245 | 0 | _aPost war youth service in wales: A report of the welsh youth committee | |
| 245 | 0 | _cMinistry of Education | |
| 260 |
_aLondon, UK _bHis Majesty's Stationery Office _c1945 |
||
| 300 | _a19p. | ||
| 546 | _aGwasanaeth ieuenctid yng nghymru wedi'r rhyfel | ||
| 942 |
_cHB _h362.709 429, GRE |
||
| 999 |
_c1361116 _d1361116 |
||